000 00891nam a2200277Ia 4500
003 OSt
005 20221005111115.0
006 a|||||r|||| 00| 0
007 ta
008 221004b |||||||| |||| 00| 0 hin d
020 _c95
024 _a11224
037 _b325, 20/03/2014, Vani Prakashan
_cTextual
040 _aCRL
_cCRL
_bhin
041 _2hin
_ahin
082 _aO152,8NNAx, L9;N8
100 _aनागार्जुन
245 0 _aअभिनन्दन
246 _aAbhinandana
250 _a2 संस्करण
260 _aनई दिल्ली
_bवाणी प्रकाशन भारत
_c1998
300 _a135पृ0
_ccm.
650 _aहिन्दी साहित्य
942 _hO152,8NNAx, L9;N8
_cTEXL
_2cc
999 _c1020839
_d1020839